Los poetas del mascaró /
Guardado en:
| Autor Principal: | |
|---|---|
| Formato: | Libro |
| Publicado: |
Buenos Aires :
Desde La Gente,
2014
|
| Materias: | |
| Etiquetas: |
Agregar Etiqueta
Sin Etiquetas, Sea el primero en etiquetar este registro!
|
| LEADER | 01990nam a22002655a 4500 | ||
|---|---|---|---|
| 001 | CEM.cems018435 | ||
| 008 | 130507s2014##################000#0#####d | ||
| 005 | 20220214190519.0 | ||
| 003 | CEMS | ||
| 245 | 1 | 0 | |a Los poetas del mascaró / |c Compilado Por Juano Villafañe |
| 260 | |a Buenos Aires : |b Desde La Gente, |c 2014 | ||
| 300 | |a 128 p. | ||
| 505 | 0 | |a Del libro La Mar (1982) / Luis Eduardo Alonso -- Del libro Las Indias (1985) / Luis Eduardo Alonso -- Del libro Sudestadas (1999) / Luis Eduardo Alonso -- Del libro Negras ropas de mujer (1987) / Leonor García Hernando -- Del libro La enagua cuelga de un clavo en la pared (1994) / Leonor García Hernando -- Del libro Tangos del orfelinato-Tangos del asesinato (1999) / Leonor García Hernando -- Del libro El cansancio de los materiales (2001) / Leonor García Hernando -- Del libro Los soles oblicuos (1999) / Nora Alicia Perusin -- Del libro La distancia es esa frontera que se mueve (2007) / Nora Alicia Perusin -- Del libro Algo de la época (1979) / Sergio Kisielewsky -- Del libro Memoria Caníbal (1987) / Sergio Kisielewsky -- Del libro Electrificar Rusia (1999) / Sergio Kisielewsky -- Del libro La belleza es un campo minado (2005) / Sergio Kisielewsky -- Del libro Poemas anteriores-Música de playa (1982) / Juano Villafañe -- Del libro Versión retrospectiva de la botella (1987) / Juano Villafañe -- Del libro Una leona entra en el mar (2000) / Juano Villafañe -- Del libro Deconstrucción de la mañana (2006) / Juano Villafañe | |
| 020 | |a 9789508602688 | ||
| 100 | 1 | |a Villafañe, Juano | |
| 082 | 0 | 4 | |a A861.4 |
| 653 | |a Literatura | ||
| 653 | |a Literatura argentina | ||
| 653 | |a Poesías | ||
| 653 | |a Poesía argentina | ||
| 653 | |a Colección Juan Gelman | ||
| 653 | |a Biblioteca Juan Gelman | ||
| 859 | |a CEMS |b BIB. CEMS - Agricultura |h A861.4 |i V711 |p A2233.15 |t Ej.1 | ||
| 859 | |a CEMS |b BIB. CEMS - 11 de abril |h A861.4 |i V711-1 |p 27418.18 |t Ej.1 | ||
| 859 | |a CEMS |b BIB. CEMS - 11 de abril |h A861.4 |i V711-1 |p 27740.19 |t Ej.2 | ||
